|
|
|
|
| LEADER |
006870000a22002050004500 |
| 020 |
|
|
|a 0-333-93309-5
|
| 040 |
|
|
|a TAL
|c ENG
|
| 082 |
|
|
|a 894.811 3 KRI/P 111N9
|
| 100 |
|
|
|a Karthik Narayanan; Translator
|
| 100 |
|
|
|a Krishnamurthy, Kalki R; Author
|
| 245 |
|
|
|a The first floods=Ponniyin selvan
|
| 250 |
|
|
|
| 260 |
|
|
|a Chennai, Macmillan India Ltd
|
| 260 |
|
|
|c 1999
|
| 460 |
|
|
|a xlviii,313
|
| 465 |
|
|
|a Rs.250.00
|
| 500 |
|
|
|a Kalki R Krishnamurthy;tr.by C V Karthik Narayanan
|
| 650 |
|
|
|a Tamil fiction
|
| 999 |
|
|
|c 30172
|d 30172
|
| 952 |
|
|
|0 0
|1 0
|4 0
|6 894_811000000000000_3_KRIP_111
|7 0
|8 TAL
|9 30126
|a MGUL
|b MGUL
|d 2013-07-16
|e Rs.250.00
|l 0
|o 894.811 3 KRI/P 111N9
|p 30710
|r 2013-07-16
|w 2013-07-16
|y BK
|